000 00771nam a2200265 a 4500
001 75951
003 BD-RjUL
005 20211209082751.0
008 821209s1960 njua 000 0 eng
035 _a(BD-RjUL)76170
040 _aDLC
_cCarP
_dDLC
_dBD-RjUL
_beng
041 _aeng
082 _223
_a658.542
_bMUM 1960
100 1 _aMundel, Marvin Everett,
_d1916-
_9233097
245 1 0 _aMotion and time study: principles and practice /
_cMarvin E. Mundel.
250 _a3d ed.
260 _aEnglewood Cliffs, N.J.:
_bPrentice-Hall,
_c1960.
300 _a690 p.:
_billus.,
_c23 cm.
650 0 _aJob analysis.
_9233098
650 0 _aMotion study
_9233099
650 0 _aTime study
_9233100
942 _2ddc
_cBK
999 _c75951
_d75951